000 00966cam a22002897a 4500
999 _c330827
_d330827
001 16013361
003 NUST
005 20170810142056.0
008 091208s2008 pk 000 0 lah
010 _a 2009356157
020 _a9694111439
025 _aP-Lah-2009356157
040 _aDLC
_cDLC
042 _alcode
050 0 0 _aMLCSA 2009/01219 (P)
082 _a891.4911
_bFAR
100 0 _aG̲h̲ulām Farīd,
_cK̲h̲vājah,
_d1845?-1901.
_93891
245 1 0 _aĀkhyā K̲h̲vājah Farīd ne /
_csodhanhār, Muḥammad Āṣif K̲h̲ān̲.
250 _a3. Vār.
260 _aLāhore :
_bPākistān Panjābī Adabī Borḍ,
_c2008.
300 _a558 p. ;
_c22 cm.
500 _aPoems.
504 _aIncludes bibliographical references (p. 556-558).
546 _aIn Siraiki.
650 _aPunjab Literature
_93892
700 1 _aK̲h̲ān̲, Muḥammad Āṣif.
_93893
710 2 _aPākistān Panjābī Adabī Borḍ.
_93894
880 _6100-01\(3\r
_aخواجہ فرید
880 _6245-02\(3\r
_aآکھیا خواجہ فرید نے
_cخواجہ فرید، مرتب: محمد آصف خان
880 _6260-03\(3\r
_aلاہور:
_bپاکستان پنجابی ادبی بورڈ،
_c2008
906 _a7
_bcbc
_corigode
_d4
_encip
_f19
_gy-gencatlg
942 _2ddc
_cBK